<?xml version="1.0" encoding="UTF-8"?>
<record
    xmlns:xsi="http://www.w3.org/2001/XMLSchema-instance"
    xsi:schemaLocation="http://www.loc.gov/MARC21/slim http://www.loc.gov/standards/marcxml/schema/MARC21slim.xsd"
    xmlns="http://www.loc.gov/MARC21/slim">

  <leader>00899nam a2200253Ia 4500</leader>
  <datafield tag="999" ind1=" " ind2=" ">
    <subfield code="c">5044</subfield>
    <subfield code="d">5044</subfield>
  </datafield>
  <controlfield tag="001">8815630</controlfield>
  <controlfield tag="003">OSt</controlfield>
  <controlfield tag="005">20181219172740.0</controlfield>
  <controlfield tag="008">820929s1950    cau           00110 eng d</controlfield>
  <datafield tag="040" ind1=" " ind2=" ">
    <subfield code="a">LSM</subfield>
    <subfield code="c">LSM</subfield>
    <subfield code="d">OCL</subfield>
  </datafield>
  <datafield tag="050" ind1=" " ind2=" ">
    <subfield code="a">BX6111</subfield>
    <subfield code="b">.W57 1950</subfield>
  </datafield>
  <datafield tag="082" ind1=" " ind2=" ">
    <subfield code="a">286.7</subfield>
    <subfield code="b">W582G</subfield>
  </datafield>
  <datafield tag="100" ind1="1" ind2="0">
    <subfield code="a">White, Ellen Gould Harmon,</subfield>
    <subfield code="d">1827-1915</subfield>
  </datafield>
  <datafield tag="240" ind1="0" ind2="0">
    <subfield code="a">Spirit of prophecy</subfield>
  </datafield>
  <datafield tag="245" ind1="1" ind2="4">
    <subfield code="a">The great controversy between Christ and Satan :</subfield>
    <subfield code="b">the conflict of the ages in Christian dispensation /</subfield>
    <subfield code="c">by Ellen G. White</subfield>
  </datafield>
  <datafield tag="260" ind1="0" ind2=" ">
    <subfield code="a">Mountain View, Calif. :</subfield>
    <subfield code="b">Pacific Press Pub. Association,</subfield>
    <subfield code="c">c1950</subfield>
  </datafield>
  <datafield tag="300" ind1=" " ind2=" ">
    <subfield code="a">719 p. ;</subfield>
    <subfield code="c">22 cm</subfield>
  </datafield>
  <datafield tag="490" ind1="1" ind2=" ">
    <subfield code="a">Conflict of the ages series ;</subfield>
    <subfield code="v">v. 5</subfield>
  </datafield>
  <datafield tag="500" ind1=" " ind2=" ">
    <subfield code="a">Published, 1870-78, under title: The spirit of prophecy</subfield>
  </datafield>
  <datafield tag="500" ind1=" " ind2=" ">
    <subfield code="a">Includes index</subfield>
  </datafield>
  <datafield tag="650" ind1="2" ind2="0">
    <subfield code="a">Seventh-Day Adventists</subfield>
    <subfield code="x">Controversial literature</subfield>
  </datafield>
  <datafield tag="830" ind1=" " ind2="0">
    <subfield code="a">Conflict of the ages series ;</subfield>
    <subfield code="v">v. 5</subfield>
  </datafield>
  <datafield tag="942" ind1=" " ind2=" ">
    <subfield code="2">ddc</subfield>
    <subfield code="c">BK</subfield>
  </datafield>
</record>
